000 00703nam a2200265Ia 4500
003 OSt
005 20221006142650.0
006 a|||||r|||| 00| 0
007 ta
008 221006b |||||||| |||| 00| 0 eng d
020 _c
_17.50
024 _a6,879
037 _cTextual
040 _aEASL
_cEASL
_beng
041 _2eng
_aeng
082 _aY:1:12.41, L1
100 _aWATSON William
245 0 _aCultural frontiers in ancient East Asia
260 _aEdinburg
_bEdinburg University Press
_c1971
300 _a187+86p.
_ccm.
490 _v CEL
650 _aAncient East Asia
_9648107
942 _hY:1:12.41, L1
_cTEXL
_2CC
999 _c1074965
_d1074965